000 00684nam a2200277Ia 4500
005 20260324131216.0
008 008 260324s9999 xx 000 0 eng d
020 _a9781315604411
037 _aEBOOK
040 _aCRL
040 _beng
040 _cCRL
041 _2eng
041 _aeng
084 _qCRL
100 _aNeil Adams; Jeremy Alden
_91184634
245 0 _aRegional Development and Spatial Planning in an Enlarged European Union
260 _bTaylor and Francis
260 _c2006
365 _a
365 _b240
856 _uhttp://www.taylorfrancis.com/books/9781315604411
942 _cEBOOK
999 _c1781579
_d1781579